| 000 | 00371nam a22001217a 4500 | ||
|---|---|---|---|
| 082 |
_a332.1532 _bWOR _cD |
||
| 245 |
_aSector strategy paper health, nutrition, and population _cWorld bank |
||
| 260 |
_aWashington _bThe World Bank _c1997 |
||
| 300 |
_av, 103 p. : _bill, color. ; _c24 cm. |
||
| 526 |
_a0 _b0 _c0 _d332_153200000000000_WOR |
||
| 650 |
_aD _96527 |
||
| 942 |
_2ddc _cBK |
||
| 999 |
_c541846 _d541846 |
||